=LDR 00000nam 2200000 4500 =001 INLIS000000000056361 =005 20200828081309 =035 ##$$a 0010-0820000502 =007 ta =008 200828###########################0#ind## =082 ##$$a 808.87 =084 ##$$a 808.87 Mam m =245 ##$$a Mama Papa Hua Ha Ha Ha : $b Kumpulan HUmor Kehidupan Pernikahan =300 ##$$a 190 halaman : $b Ilustrasi ; $c 21 Cm. =650 #4$$a Kumpulan Humor =700 #$$a Editor : Tim Mitra Utama =264 ##$$a Jakarta :$b Mitra Utaman,$c 1993 =336 ##$$a teks$2 rdacontent =337 ##$$a lain-lain$2 rdamedia =338 ##$$a lain-lain$2 rdacarrier =990 ##$$a 31113111